000 005430000a22001930004500
001 2044
003 CO-MdFUSB
005 20170627193415.0
008 170627b xxu||||| |||| 00| 0 eng d
020 _a958-04-7422-2
040 _cCO-MdBIC
082 0 4 _a863C L59l2p
100 1 _aLiberts Weinberg, Jennifer
245 1 0 _aPiglet se siente pequeño / Jennifer Liberts Weinberg ; ilustraciones Josie Yee
260 _aBogotá : Grupo Editorial Norma
300 _a32 P.
650 1 4 _aCuentos Clasicos \ Cuentos Infantiles
942 _cLGB
999 _c49194
_d49194